[Event "Bern zt"]
[Site "Bern"]
[Date "1990.??.??"]
[Round "12"]
[White "Soffer, Ram"]
[Black "Zueger, Beat"]
[Result "1/2-1/2"]
[WhiteElo "2440"]
[BlackElo "2415"]
[Annotator "Ribli,Z"]
[PlyCount "28"]
[EventDate "1990.01.??"]
[EventType "tourn"]
[EventRounds "15"]
[EventCountry "SUI"]
[EventCategory "9"]
[SourceTitle "CBM 017"]
[Source "ChessBase"]
[SourceDate "1990.08.01"]
[SourceVersion "1"]
[SourceVersionDate "1990.08.01"]
[SourceQuality "1"]

1. c4 g6 2. Nc3 Bg7 3. g3 c5 4. Bg2 Nc6 5. b3 Nf6 6. Bb2 O-O 7. Nh3 $5 {
7.Nf3, d5!? (7...d6) 8.Nxd5, Nxd5 9.Bxg7, Kxg7 10.cxd5, Qxd5} d6 {7...e5 8.0-0,
d6 9.f4, Bd7 = Romanisin-Beliavsky URS(ch) 1974  i 18/77} 8. Nf4 e5 9. Nfd5
Nxd5 10. Nxd5 Be6 11. O-O Ne7 12. f4 Nxd5 13. cxd5 Bg4 14. h3 Bd7 1/2-1/2

[Event "Zug"]
[Site "Zug"]
[Date "1989.??.??"]
[Round "?"]
[White "Summermatter, Daniel"]
[Black "Landenbergue, Claude"]
[Result "1/2-1/2"]
[WhiteElo "2385"]
[BlackElo "2345"]
[Annotator "Ribli,Z"]
[PlyCount "26"]
[EventDate "1989.??.??"]
[EventType "tourn"]
[EventRounds "11"]
[EventCountry "SUI"]
[EventCategory "5"]
[SourceTitle "CBM 016"]
[Source "ChessBase"]
[SourceDate "1990.06.01"]
[SourceVersion "1"]
[SourceVersionDate "1990.06.01"]
[SourceQuality "1"]

1. c4 c5 2. Nc3 Nc6 3. g3 g6 4. Bg2 Bg7 5. a3 a6 (5... b6 6. b4 Rb8 7. Rb1 Bb7
8. Nh3 Nh6 9. O-O Nf5 {Renet-Larsen  Cannes 1989 47/(64) CBM/11  =}) 6. Rb1 Rb8
7. b4 cxb4 8. axb4 b5 9. c5 (9. cxb5 axb5 10. Nh3 $6 {10.[]f3,e5 11.d4!?,exd4
12.[]d5,[]f6 13.>>g5 -> Zaichik-Thorsteins  Protvino 1988 47/65} e5 $1 11. d3
Nge7 12. O-O d5 13. Bd2 O-O 14. f4 d4 15. Ne4 Nd5 {Zuse-Gheorghiu  Berlin 1986
43/(43)  |^}) 9... a5 $1 10. Ba3 Nxb4 11. Bxb4 axb4 12. Rxb4 Bxc3 13. dxc3 Nf6
(13... Qc7 14. Qd4 Nf6 15. Nf3 Bb7 16. O-O O-O $1 17. Qe3 {17.<<xb5,>>xf3 18.
<<xb8,<<xb8 19.>>xf3 <<b5! =} Nd5 $1 18. Qh6 f6 19. Rg4 Rf7 {Renet-Stempin 
Thessaloniki olm 1988  @}) 1/2-1/2

[Event "Bern zt"]
[Site "Bern"]
[Date "1990.??.??"]
[Round "14"]
[White "Brestian, Egon"]
[Black "Zueger, Beat"]
[Result "1/2-1/2"]
[WhiteElo "2470"]
[BlackElo "2415"]
[Annotator "Ribli,Z"]
[PlyCount "32"]
[EventDate "1990.01.??"]
[EventType "tourn"]
[EventRounds "15"]
[EventCountry "SUI"]
[EventCategory "9"]
[SourceTitle "CBM 017"]
[Source "ChessBase"]
[SourceDate "1990.08.01"]
[SourceVersion "1"]
[SourceVersionDate "1990.08.01"]
[SourceQuality "1"]

1. c4 g6 2. g3 Bg7 3. Bg2 c5 4. Nc3 Nc6 5. a3 b6 6. Nh3 $5 Bb7 7. O-O e6 8. b4
Nge7 9. bxc5 bxc5 10. Rb1 Rb8 11. Bb2 Na5 {11...0-0!?} 12. Nb5 O-O 13. Bxg7
Kxg7 14. Qc2 Bxg2 15. Kxg2 a6 16. Nd6 Qc7 1/2-1/2

[Event "Haifa"]
[Site "Haifa"]
[Date "1995.??.??"]
[Round "7"]
[White "Gurevich, Mikhail"]
[Black "Yudasin, Leonid"]
[Result "0-1"]
[WhiteElo "2605"]
[BlackElo "2615"]
[Annotator "Ribli,Z"]
[PlyCount "92"]
[EventDate "1995.01.??"]
[EventType "tourn"]
[EventRounds "11"]
[EventCountry "ISR"]
[EventCategory "14"]
[SourceTitle "CBM 046"]
[Source "ChessBase"]
[SourceDate "1995.06.01"]
[SourceVersion "1"]
[SourceVersionDate "1995.06.01"]
[SourceQuality "1"]

1. c4 c5 2. g3 g6 3. Bg2 Bg7 4. Nc3 Nc6 5. a3 e6 6. b4 $6 {Ein zweischneidiges
Opfer. Man koennte hier 6.Rb1 spielen.} (6. Rb1 $5) 6... Nxb4 $5 (6... cxb4 $6
7. axb4 Nxb4 8. Ba3 Bxc3 9. dxc3 Nc6 10. h4 Qf6 11. Nf3 Qxc3+ 12. Nd2 $44 {
Weiss hat eine ausreichende Kompensation fuer die Qualitaet.Renet,O-Yudasin,L/
Ostende/1988/INF46,(61)/. Natuerlich waehlte Yudasin im 1995 schon die richti-
ge Antwort.}) 7. axb4 cxb4 8. d4 (8. Nb5 $6 $15 {Hodgson konnte mit diesem
inkorrektes Qualitaetopfer gegen Gulko (Groningen/ 1994/CBM45) noch gewinnen.})
8... bxc3 9. e3 Ne7 10. Ne2 d5 11. Nxc3 $146 (11. cxd5 $5 Nxd5 12. Ba3 Bf8 13.
O-O Bxa3 14. Rxa3 Bd7 15. e4 Ne7 16. Nxc3 $44 {Weiss hat Kompensation fuer den
Bauern (nach Taimanov). Smyslov,V-Hartston,J/Hastings/1972/}) 11... dxc4 12.
O-O O-O 13. Ba3 (13. Qa4 Bd7 14. Qxc4 Bc6 15. Ba3 Re8 $15 {Der Anziehende hat
nicht genueg Spiel fuer den Bauern.}) 13... a6 $5 {Gegen Nb5} 14. Qe2 Qc7 15.
Rfc1 {Weiss will mindestens einen Bauern zuruecknehmen.} Ra7 (15... Rb8 $2 16.
Ne4 $44) 16. Qb2 Re8 (16... b5 $6 17. Bc5 Rb7 18. Rxa6 $1 $44) 17. Bc5 Ra8 18.
Qb4 {Zu pruefen ist 18.Ne4!?} (18. Ne4 $5 $44) 18... Nc6 19. Qxc4 Bd7 20. Ne4
b5 21. Qe2 Red8 {Gurevich hat sicher sehr gutes Spiel fuer den geopferten
Bauern.Jetzt beginnt Weiss sehr ungenau spielen und er findet nicht einfach
den richtigen Plan.} 22. Qf3 {Droht 23.Nf6} (22. Bd6 $5) (22. Be7 $5 $44 {
Mit der Idee 23.Bf6 oder 23.Nf6.}) 22... f5 23. Ng5 {Droht 24.Ne6} Rdc8 24. Qe2
(24. Qd5 $5 exd5 25. Bxd5+ Kh8 26. Nf7+ Kg8 27. Nh6+ $10) 24... Qd8 $1 {
Jetzt gewinnt der Nachziehende ein sehr wichtiges Tempo zu seiner Verteidi-
gung.} 25. h4 h6 26. Nh3 Kh7 27. Rd1 {Weiss will d5 durchsetzen.} Qe8 28. Bd6
a5 29. Nf4 (29. Qxb5 $2 Nxd4 $17) 29... Ra6 30. Bc5 e5 $1 {Jetzt kommt Schwarz.
} 31. dxe5 Nxe5 32. Bd4 Bc6 33. h5 g5 34. Nd5 Qf7 35. e4 f4 $1 {Yudasin spielt
sehr energisch.} 36. Ra3 Rf8 37. Bxe5 Bxe5 38. Bf3 fxg3 39. fxg3 Bd7 40. Rad3
Rd6 41. Qe3 Be6 42. Qc5 Bxg3 43. e5 $2 Rxd5 $1 {Diese huebsche Kombination
beendete die Partie.} 44. Rxd5 (44. Bxd5 Bf2+ $19) 44... Qxf3 45. Rd7+ Bxd7 46.
Rxd7+ Kg8 {Ribli} 0-1

[Event "RUS-chT 03rd"]
[Site "Kazan"]
[Date "1995.??.??"]
[Round "8"]
[White "Prokopchuk, Evgeny"]
[Black "Yagupov, Igor"]
[Result "0-1"]
[WhiteElo "2365"]
[BlackElo "2405"]
[Annotator "Ribli,Z"]
[PlyCount "94"]
[EventDate "1995.??.??"]
[EventType "team-tourn"]
[EventRounds "9"]
[EventCountry "RUS"]
[SourceTitle "CBM 051"]
[Source "ChessBase"]
[SourceDate "1996.04.01"]
[SourceVersion "1"]
[SourceVersionDate "1996.04.01"]
[SourceQuality "1"]
[WhiteTeam "Surgut Fakel-Surgutgazprom"]
[BlackTeam "Moscow CSKA"]
[WhiteTeamCountry "RUS"]
[BlackTeamCountry "RUS"]

1. e4 c5 2. c4 Nc6 3. Nc3 g6 4. g3 Bg7 5. Bg2 d6 6. d3 e6 $5 {Eine sehr
elastische Fortsetzung.} 7. Nge2 Nge7 8. O-O O-O 9. Rb1 Nd4 $5 (9... b6 $5 10.
Bg5 Bb7 11. Qd2 Qd7 $10 {Prokopchuk,E-Fominyh,A/Noyabrsk/1995/CBM48/}) 10. Nxd4
(10. a3 a5 11. b4 $13) 10... cxd4 11. Ne2 a5 $1 $146 {Diese Neuerung ist ein
logischer Zug.} (11... e5 $6 12. Bd2 Be6 13. Qa4 $14 {Panov-Forintos,G/Skopje/
1970/}) 12. a3 (12. b3 Nc6 13. a3 Rb8 14. b4 axb4 (14... b5 $5) 15. axb4 b5 $13
) 12... a4 13. b4 axb3 14. Qxb3 $10 {Weiss herrscht die b-Linie und er hat
Druck auf den b7-Bauern. Der Nachziehende hat die selbe Situation auf der
a-Linie >< a3. Die Chancen sind etwa gleich.} Nc6 $1 $146 (14... Ra7 15. Qb6
Nc6 16. f4 Qxb6 17. Rxb6 Rd8 18. Bb2 e5 19. Nc1 Bf8 20. Na2 Nb8 21. Bc1 Nd7 22.
Rb1 Nc5 23. Nb4 Bh6 $13 {Genba,V-Tunik,G/Kstovo op/1994/EXP42/}) 15. Bd2 Nb8 $1
{Schwarz hat eine hervorragende Idee gefunden, er will seine Springerposition
deutlich verstaerken /\ Nd7,Nc5.} 16. a4 Nd7 17. a5 Nc5 18. Qa3 $6 {Was sucht
die weisse Dame auf der a-Linie? Alle spaeteren Probleme fuer den Anziehenden
kommen wegen dieses Zuges.} (18. Qc2 Bd7 19. Rb6 Ba4 20. Qb1 Bc6 $13) 18... Ra6
19. Rb2 b6 $1 {Eine gute Entscheidung, den b-Bauern fuer den a-Bauern tauschen,
weil nachher der Nachziehende seine c8-Laeufer und auch f8-Turm leicht
aktivisieren kann.} 20. Ra1 (20. Rxb6 $4 Qxb6 21. axb6 Rxa3 $19) 20... bxa5 21.
Bxa5 Qe7 {Die weisse Figuren stehen auf der a-Linie sehr unbequem. Man sieht
jetzt schon sehr genau den Nachteil des 18-sten weissen Zuges (18.Qa3).} 22.
Rb6 Ra7 $1 {Natuerlich will Schwarz seinen Druck auf die a-Linie behaltan.} 23.
Nc1 Bb7 24. Qb4 Rfa8 25. Rb5 (25. Bf1 f5 $40) 25... Bf8 $1 {Schwarz kann jetzt
in aller Ruhe seine Stellung verstaerken, ohne dass der Anziehende ueber ein
Gegenspiel verfuegt.} 26. Ra2 Qd7 27. f4 Bc6 28. Rb6 (28. Rb8 $2 Rxb8 29. Qxb8
Rb7 30. Qd8 Rb1 $19) 28... Ba4 $1 {Weiss kann jetzt den Materialverlust nicht
mehr verhindern.} 29. Rb5 Bxb5 30. cxb5 d5 (30... Nb7 $5 {<-> a} 31. Nb3 d5 $1
32. Qd2 Qxb5 $19) 31. b6 Ra6 (31... Nb7 $5 32. bxa7 Bxb4 33. Bxb4 Qb5 34. Bd2
Qb6 $19) 32. exd5 Nb7 (32... exd5 $5) 33. dxe6 fxe6 $6 {Ein schlampiger Zug.} (
33... Qxe6 $1) 34. Qd2 Rxa5 35. Rxa5 Rxa5 36. Bxb7 Rb5 (36... Ra1 $2 37. Qb2
Rxc1+ 38. Qxc1 Qxb7 39. Qc7 $13 {/\ b7}) 37. Be4 Rxb6 {Schwarz hat eine
Mehrqualitaet, aber wegen seines schlechten e-Bauern ist es nicht so leicht zu
gewinnen.} 38. Ne2 Qc7 39. Qa2 Qc5 40. Kg2 Qb4 41. Kf3 Qc5 42. Qa4 $2 {Dieser
Zug verliert forciert.} (42. Kg2 $5) (42. h3 $5) 42... Qh5+ 43. g4 (43. Kf2 Rb2
$19) 43... Qh3+ 44. Ng3 Rb2 45. g5 (45. Qxd4 Qg2+ 46. Ke3 Qf2#) 45... Rxh2 46.
Qa1 Rg2 47. Qe1 Bb4 {Ribli} 0-1

[Event "Bern zt"]
[Site "Bern"]
[Date "1990.??.??"]
[Round "6"]
[White "Fauland, Alexander"]
[Black "Wahls, Matthias"]
[Result "1/2-1/2"]
[WhiteElo "2480"]
[BlackElo "2565"]
[Annotator "Ribli,Z"]
[PlyCount "63"]
[EventDate "1990.01.??"]
[EventType "tourn"]
[EventRounds "15"]
[EventCountry "SUI"]
[EventCategory "9"]
[SourceTitle "CBM 017"]
[Source "ChessBase"]
[SourceDate "1990.08.01"]
[SourceVersion "1"]
[SourceVersionDate "1990.08.01"]
[SourceQuality "1"]

1. c4 Nf6 2. g3 g6 3. Bg2 Bg7 4. Nc3 O-O 5. e4 c5 6. Nge2 Nc6 7. O-O Ne8 {
7...d6 Ye Rongguang-Nunn,J WchT Luzern 1989  CBM/16} 8. d3 Nc7 9. a3 {9.f4!?
Depasquale-Johansen Sydney 1989  i 48/54} Rb8 10. Be3 b5 $5 11. cxb5 Nd4 $1 12.
Rb1 {12.a4, a6! ~/=} Ncxb5 13. Nxb5 $1 Rxb5 14. Nxd4 cxd4 15. Bd2 f5 16. a4 Rb8
17. b4 Bb7 18. Re1 fxe4 19. Bxe4 Bxe4 {19...d5!? 20.Bg2, e5} 20. Rxe4 e6 21.
Bf4 Rb7 22. Bd6 Rf5 23. b5 Rb6 24. Bb4 Rb7 25. Qe1 Qc8 26. Bd6 {26.Rc1, Rc7 27.
Rxc7, Qxc7} Qc2 $1 27. Rc1 Qxa4 28. Rxe6 $1 dxe6 29. Qxe6+ Rbf7 30. Rc8+ Bf8
31. Rxf8+ {31.Bxf8?, Qd1+ 32.Kg2, Rxf2+ 33.Kh3, Qh5 mate} Kg7 32. Rxf7+ 1/2-1/2

[Event "Bern zt"]
[Site "Bern"]
[Date "1990.??.??"]
[Round "8"]
[White "Fauland, Alexander"]
[Black "Lev, Ronen"]
[Result "1-0"]
[WhiteElo "2480"]
[BlackElo "2390"]
[Annotator "Ribli,Z"]
[PlyCount "61"]
[EventDate "1990.01.??"]
[EventType "tourn"]
[EventRounds "15"]
[EventCountry "SUI"]
[EventCategory "9"]
[SourceTitle "CBM 017"]
[Source "ChessBase"]
[SourceDate "1990.08.01"]
[SourceVersion "1"]
[SourceVersionDate "1990.08.01"]
[SourceQuality "1"]

1. c4 c5 2. g3 g6 3. Bg2 Bg7 4. Nc3 Nc6 5. Nh3 e6 6. a3 Nge7 7. Nf4 O-O 8. Rb1
a5 9. Nd3 $5 {9.b3, d5!? 10.cxd5, exd5 11.Ncxd5, Nxd5 12.Nxd5, Nd4 13.0-0, Bg4
14.Nc3, Re8 ~/= Miles-Adorjan London 1975  i 20/82} d6 10. O-O Rb8 11. b4 axb4
12. axb4 cxb4 13. Nxb4 Na5 14. c5 $1 d5 {14...dxc5 15.Na6, Ra8 16.Nxc5 +/=} 15.
d4 b6 16. Bf4 Rb7 17. Na4 $1 bxc5 18. Nxc5 Ra7 19. Bb8 Ra8 20. Be5 Bxe5 21.
dxe5 Nc4 {22...Qc7!?} 22. Qd4 Nf5 23. Qc3 Ra3 24. Rb3 Rxb3 25. Nxb3 {/\ e4} Na5
26. Nxd5 $1 Nxb3 27. Nf6+ Kg7 28. Qxb3 Qd4 29. e4 Qxe5 $2 30. Ng4 Nd4 31. Qe3
1-0

[Event "Zlin"]
[Site "Zlin"]
[Date "1995.??.??"]
[Round "?"]
[White "Vaulin, Alexander"]
[Black "Vokac, Marek"]
[Result "1-0"]
[WhiteElo "2490"]
[BlackElo "2475"]
[Annotator "Ribli,Z"]
[PlyCount "97"]
[EventDate "1995.??.??"]
[EventType "tourn"]
[EventRounds "9"]
[EventCountry "CZE"]
[EventCategory "10"]
[SourceTitle "CBM 049"]
[Source "ChessBase"]
[SourceDate "1995.12.01"]
[SourceVersion "1"]
[SourceVersionDate "1995.12.01"]
[SourceQuality "1"]

1. c4 g6 2. g3 Bg7 3. Bg2 d6 4. Nc3 c5 5. a3 Nc6 6. Rb1 a5 7. Nf3 Nh6 $6 (7...
e5 $5 {-> A37}) 8. h4 $1 {Dieser Vorstoss ist fuer derartige Stellungen ( wenn
Schwarz spielt vor der weissen Rochade Nh6) typisch.} Bg4 $6 {Schwarz will h5
verhindern, aber nach einigen Zuegen bekommt er wegen seines Laeufers auf g4
grosses Problem.} (8... Nf5 9. h5 $36) 9. d3 Qd7 10. Bd2 Nf5 11. Nh2 $1 {
Weiss steht im beiden Fluegel besser.} h5 12. Nd5 Ra7 13. Bc3 $1 {
Normalerweise spielt der Anziehende in dieser Variante auf b4, aber jetzt will
er den Schwarz zwingen auf c3 zu tauschen und die b-Linie zu oeffnen.} Kf8 14.
Nxg4 hxg4 15. e3 Bxc3+ (15... Nh6 {Dieser Zug sieht komisch aus, aber die
b-Linie zu oeffnen ist auch fragwuerdig}) 16. bxc3 Ne5 17. Nb6 Qd8 (17... Qe6
$2 18. Bd5 Qf6 19. d4 $18) 18. d4 Ra6 (18... Nd7 19. Nxd7+ Qxd7 20. Qxg4 $16)
19. Qb3 (19. dxc5 $6 Qc7 $13) 19... Nf3+ 20. Bxf3 (20. Ke2 $4 cxd4 21. cxd4
N3xd4+ 22. exd4 Nxd4+ $19) 20... gxf3 21. Nd5 Ra7 22. Qb6 $5 Qxb6 23. Nxb6 {
Weiss hat nun ein besseres Endspiel erreicht.} cxd4 24. cxd4 g5 25. Kd2 gxh4 (
25... g4 26. Kd3 Kg7 27. e4 Nh6 28. Rb5 $16) 26. g4 Ng7 27. Rh3 Ne6 28. Rxf3
Ng5 (28... h3 29. Kd3 $1 h2 30. Rh1 Ra6 31. Nd5 Ng5 32. Rg3 e6 33. Nc3 $16 {
Droht /\ f4 und Rg2}) 29. Rf5 f6 30. Kd3 e6 $5 31. Rfb5 {Droht /\ f4} (31.
Rxf6+ $2 Kg7 32. Rf4 Nh3 33. Rf3 Ng5 34. Rf4 Nh3 $10) 31... e5 32. Nd5 h3 (
32... Rh6 33. f4 e4+ 34. Ke2 Nf3 35. Nc3 h3 36. Nxe4 h2 37. Rh1 $18) 33. Nxf6
h2 34. Rh1 Rh4 35. dxe5 Kf7 36. Ne4 Nxe4 37. Kxe4 Rxg4+ 38. f4 Rg2 39. exd6 Ke6
40. Rh5 Kxd6 41. R1xh2 Rxh2 42. Rxh2 Kc5 43. f5 Kxc4 44. f6 b5 45. Rf2 Rf7 46.
Kf5 b4 47. axb4 axb4 48. e4 b3 49. Kg6 {Ribli} 1-0

[Event "Riga zt"]
[Site "Riga"]
[Date "1995.??.??"]
[Round "11"]
[White "Miezis, Normunds"]
[Black "Piesina, Gintautas"]
[Result "1-0"]
[WhiteElo "2435"]
[BlackElo "2400"]
[Annotator "Ribli,Z"]
[PlyCount "88"]
[EventDate "1995.03.??"]
[EventType "tourn"]
[EventRounds "13"]
[EventCountry "LAT"]
[EventCategory "10"]
[SourceTitle "CBM 047"]
[Source "ChessBase"]
[SourceDate "1995.08.01"]
[SourceVersion "1"]
[SourceVersionDate "1995.08.01"]
[SourceQuality "1"]

1. c4 g6 2. Nc3 c5 3. g3 Bg7 4. Bg2 Nc6 5. d3 Nf6 6. e4 O-O 7. Nge2 a6 (7...
Ne8 8. Be3 Nd4 9. O-O d6 10. Rb1 a5 11. a3 Nc7 12. b4 axb4 13. axb4 b6 14. bxc5
(14. e5 Ra3 $13 {Genba,V-Kortylev,A/RUS-chJ Moscow/1995/CBM46/}) 14... bxc5 $10
{Evans,L-Fischer,R/New York/1967/INF03,60/}) 8. O-O Rb8 9. a4 d6 10. h3 Ne8 11.
Be3 Nc7 (11... Nd4 12. Rb1 Nc7 13. b4 $14 {Fauland,A-Tolnai,T/Budapest
Noviki-A/1990/CBM19/}) 12. d4 cxd4 13. Nxd4 Nxd4 (13... Bd7 14. Kh2 Nxd4 15.
Bxd4 Bxd4 16. Qxd4 Ne6 17. Qe3 $14 {Koshy,V-Hegde,R/IND-ch/1994/}) 14. Bxd4
Bxd4 15. Qxd4 e5 $6 {Ein zweischneidiger Zug. Der Nachziehende will die
schwarzen Feldern (c5 und d4) kontrollieren, dafuer bleibt aber der d6-Bauer
schwach. Die wichtige Frage Wer kommt erst?} 16. Qe3 b6 (16... Ne6 17. Rfd1 Nd4
18. Ne2 Nxe2+ 19. Qxe2 $14) 17. f4 f6 18. Rad1 Be6 19. Qd3 {Wir wissen schon
die Antwort (siehe Anmerkungen bei 16. Zug), Weiss kommt erst.} Ne8 20. f5 Bf7
21. h4 $1 $14 {Weiss hat Vorteil, weil Schwarz eine passive Stellung hat.} Kh8
22. b3 Rb7 23. Qe3 $1 {Droht fg6 und Schwarz kann nicht gut zuruecknehmen.} g5
24. Bf3 Rg8 25. Kf2 $1 Qe7 (25... gxh4 26. gxh4 Qe7 27. Rg1 $40) 26. Rh1 Nc7
27. Be2 b5 $6 {In einer unbequemen Stellung verliert Schwarz die Geduld und
opfert einen Bauern aber kriegt keine Erleichterung.} 28. axb5 axb5 29. Nxb5
Nxb5 30. cxb5 Be8 31. Bc4 $1 Rg7 32. Qd3 Rb6 33. Ra1 $1 {Droht Ra8.} gxh4 34.
Rxh4 d5 $2 {Schwarz spielt eine falsche Kombination.} 35. Qxd5 h5 (35... Rd6 $2
{[#]} 36. Rxh7+ $1 Kxh7 (36... Rxh7 37. Qg8#) 37. Rh1+ $18) 36. Rah1 Rb8 37.
Be2 Qa7+ 38. Kg2 Qe3 39. Rxh5+ Bxh5 40. Rxh5+ Rh7 41. Rxh7+ Kxh7 42. Qf7+ Kh8
43. Qxf6+ Kh7 44. Qe7+ Kh8 1-0

[Event "Douglas IoM op"]
[Site "Douglas"]
[Date "2017.09.28"]
[Round "6"]
[White "Granda Zuniga, Julio E"]
[Black "Wagner, Dennis"]
[Result "0-1"]
[WhiteElo "2653"]
[BlackElo "2564"]
[Annotator "Roiz,M"]
[PlyCount "80"]
[EventDate "2017.09.23"]
[EventType "swiss"]
[EventRounds "9"]
[EventCountry "IOM"]
[SourceTitle "CBM 181"]
[Source "ChessBase"]
[SourceDate "2017.11.10"]
[SourceVersion "1"]
[SourceVersionDate "2017.11.10"]
[SourceQuality "1"]

1. c4 c5 2. g3 g6 3. Bg2 Bg7 4. Nc3 Nc6 5. e3 d6 6. Nge2 h5 $5 {GM Wagner
takes the game into considerably unexplored paths.} (6... e5 {would lead to a
long strategic struggle. Most probably, it would fully suit his experienced
opponent.}) 7. d4 {GM Granda Zuniga chooses the most challenging response -
White is trying to make use of a small development advantage.} ({The quiet} 7.
h3 e5 8. a3 Be6 9. d3 Nge7 10. Nd5 O-O {was acceptable for Black in Vera
Gonzalez Quevedo,R - Oliva,K Matanzas CUB 2017.}) 7... cxd4 8. exd4 (8. Nxd4
Bd7 {leaves the c1-bishop locked, and after} 9. b3 h4 10. Bb2 Nxd4 11. exd4 Bc6
$132 {Vrcon,D - Supancic,D Bled SLO 2000, Black didn't face any problems.})
8... Nh6 $1 {The knight is heading to f5 in order to increase the pressure on
the d4-pawn.} (8... h4 {can be well met by} 9. h3 $1 hxg3 10. fxg3 Nh6 11. g4
e5 {Perez,J - Villa Izquierdo,R Barcelona 1995.} {Now the precise} 12. O-O $1 {
would have posed Black serious problems:} O-O (12... f5 13. dxe5 Nxe5 14. Bxh6
Rxh6 15. Qd5 $40) 13. dxe5 Nxe5 14. Nd5 Be6 15. Nd4 $36) 9. Bxh6 $146 {This
decision is quite committial, since Black's dark-squared bishop is getting
very powerful.} ({The previously played} 9. O-O Nf5 10. d5 Ne5 $15 {Singer,M -
Willim,M Bayern 2010, was better for Black.}) 9... Bxh6 10. d5 $2 {Only after
this advance does Black get full control over the dark squares.} ({A much
better move was} 10. b4 $1 Bg7 (10... h4 11. Qb3 Bg7 12. Rd1 Bg4 13. a3 $132)
11. a3 h4 12. O-O hxg3 13. fxg3 O-O 14. Qd2 $132 {with very tense play.}) 10...
Ne5 11. f4 (11. O-O {was hardly any better:} h4 12. b3 hxg3 13. hxg3 Kf8 $17)
11... Ng4 12. Qd4 {Julio is desperately trying to cover the weak dark squares
in his camp.} (12. Qd2 Qb6 13. Nd4 Bg7 14. Rd1 h4 $17) 12... O-O 13. h3 {
Chasing the annoying knight, but also exposing the monarch.} Bg7 14. Qd2 Nh6
15. O-O a6 {White's main problem now is a lack of counterplay.} 16. Kh2 Bd7 {
GM Wagner is getting ready for pushing b7-b5 and opening files for his major
pieces.} 17. Ne4 {This move is aimed at meeting 17...b5 with 18.c5} (17. Rac1
b5 18. Nd4 bxc4 19. Nd1 Qb6 20. Rxc4 Bb5 21. Nxb5 axb5 $17) 17... Qb6 18. Rac1
Nf5 {Now White gets a chance to develop some activity on the k-side.} (18...
Rfc8 $5 {was worth serious consideration:} 19. b3 Qa7 20. b4 a5 21. b5 a4 $17)
19. Rf3 Rfc8 $2 {GM Wagner is playing slowly and spoiling the lion's part of
his advantage.} ({Black should have played} 19... Qxb2 $1 20. Qxb2 Bxb2 21. Rb1
Bg7 22. Rxb7 Rfd8 $17 {and the control over b-file doesn't compensate for the
structural drawbacks.}) 20. b3 Qa7 21. g4 $1 hxg4 ({In the event of} 21... Nh4
22. gxh5 $1 Nxf3+ 23. Bxf3 $132 {the play would be double-edged.}) 22. hxg4 Nh6
23. g5 {White has managed to open-up the h-file and seize some space on the
kingside.} Nf5 24. N4g3 $2 {GM Granda Zuniga is focused on liquidating the
strong f5-knight,} ({but it was the proper moment for pushing the pawns on the
opposite side:} 24. b4 $1 Rc7 (24... Nh4 25. Ra3 Nxg2 26. Kxg2 $15) 25. c5 Rac8
26. N2g3 $132) 24... b5 ({There was the stronger} 24... Nh4 $1 25. Re3 b5 26.
Bh3 bxc4 27. bxc4 Rab8 $17) 25. Nxf5 Bxf5 26. Ng3 $2 {White cannot afford to
move his knight so far away from the q-side.} ({White should have solved the
problem of the passive g2-bishop by means of:} 26. Bh3 $1 Bxh3 27. Kxh3 bxc4
28. Rxc4 Rxc4 29. bxc4 Qd7+ (29... Rb8 30. Rb3) (29... Rc8 30. Qd3 Rb8 31. f5
Qd7) 30. Kg3 Rb8 31. Rb3 Rc8 32. Qd3 $15) 26... Bg4 27. Re3 $2 {The decisive
mistake.} ({It was necessary to give up the exchange:} 27. Rff1 Bd4 $1 28. Bh3
$1 Be3 29. Qc3 Bxh3 30. Kxh3 Bxc1 31. Rxc1 bxc4 32. bxc4 $17 {and the
vulnerablity of the black king leaves White some hopes.}) 27... bxc4 28. bxc4
Rab8 $19 {The penetration of Black's rooks easily decides the game.} 29. Rc2
Rb1 30. Re1 Rcb8 31. Bh3 Qd7 32. Bg2 Qa7 (32... R1b2 $19 {was eve simpler.})
33. Bh3 Qd7 34. Bg2 ({The most stubborn was} 34. Bxg4 Qxg4 35. Rxb1 Rxb1 36.
Kg2 {and then Black might make progress by means of} a5 $1 37. Qe3 a4 38. Rf2
Rd1 39. Qf3 Qxf3+ 40. Kxf3 Rc1 $19) 34... Rxe1 35. Qxe1 Bd4 36. Qd2 Qa7 37. Qe1
Be3 38. c5 {A desperate attempt to complicate matters.} Bxc5 39. Bh3 (39. Ne4
Bd4 $19) 39... Bxh3 40. Kxh3 Qd7+ (40... Qd7+ 41. Kg2 Qg4 $19) 0-1